Central Library OPAC University of Rajshahi
Normal view MARC view

Entry Personal Name

Number of records used in: 1

001 - CONTROL NUMBER

  • control field: 4957

003 - CONTROL NUMBER IDENTIFIER

  • control field: BD-RjUL

005 - DATE AND TIME OF LATEST TRANSACTION

  • control field: 20220924150235.0

008 - FIXED-LENGTH DATA ELEMENTS

  • fixed length control field: 220924|| aca||aabn | a|a d

040 ## - CATALOGING SOURCE

  • Original cataloging agency: BD-RjUL
  • Transcribing agency: BD-RjUL

100 ## - HEADING--PERSONAL NAME

  • Personal name: Khatun, Shahanaz

670 ## - SOURCE DATA FOUND

  • Source citation: Work cat.: (BD-RjUL)80416: Khatun, Shahanaz, Analysis on the nutrient compositions of Two varieties of Sajna (Moringa Oleifera L. ) leaves and purification, characterization and Structure-Function analysis of Sajna Leaves protein /, 2004